=LDR 00000nam 2200000 4500 =001 INLIS000000000026164 =005 20130612124624 =008 ***********************************Ind** =035 ##$$0010-061300000026164 =041 ##$$a Ind =082 ##$$a 658.409 2 =090 ##$$a 658.409 2, Hor k =100 ##$$a Haryono, Rudy =245 ##$$a Kunci mencapai sukses, langkah-langkah mudah menggapai keberhasilan dalam hidup, Rudy Haryono =260 ##$$a 1999 $b Jakarta =300 ##$$a 184 hlm, 21 cm =650 ##$$a Manajemen =850 ##$$a NBPNMAT